000 00494nam a2200181 i 4500
001 81691
003 ES-MaACL
005 20240501063040.0
007 t|
008 041105s1903 fr ||||1| fre d
100 1 _aHuysmans, Joris-Karl,
_d1848-1907
_964869
245 1 2 _aL'Oblat /
_cJ.-K. Huysmans.
250 _a10ème ed.
260 _aParis :
_b[Emile Colin,
_c1903] (
_fImp. de Lagny)
300 _a448 p. ;
_c18 cm.
852 _aES-MaACL
_jB-2685
999 _c81691
_d81691